Wochentage in 15 Sekunden - Statistiken

Allgemein
  • Dieses Quiz wurde 1.022 mal gespielt
  • Das Durchschnittsergebnis liegt bei 6 aus 7
Antwortstatistiken
Wochentage % Korrekt
Montag
100%
Dienstag
96%
Mittwoch
92%
Donnerstag
87%
Freitag
84%
Samstag
77%
Sonntag
70%
Keine übereinstimmenden Quizze gefunden
Verteilung der Resultate
Anzahl Personen mit jedem Resultat
Perzentil nach korrekt beantworteten Fragen
Ihre Resultats-Entwicklung
Sie haben dieses Quiz noch nicht gespielt